Biblische Alterthumskunde /

Hlavní autor: Weber, Heinrich Leo, 1847-1899
Jazyk: Němčina
Vydáno: Prag : Jakob B. Brandeis, [1897]
Edice: Jüdische Universal-Bibliothek
Témata:
Fyzický popis: 183 s.
Knihy
Uloženo v:
LEADER 00740nam a22002291a 4500
001 000693388
003 CZ BrMZK
005 20031021100652.0
007 ta
008 031021s1897 xr f ger d
040 |a BOA001  |b cze  |c BOA001 
100 1 |a Weber, Heinrich Leo,  |d 1847-1899  |7 xx0012255  |4 aut 
245 1 0 |a Biblische Alterthumskunde /  |c Heinrich Leo Weber 
260 |a Prag :  |b Jakob B. Brandeis,  |c [1897] 
300 |a 183 s. 
490 1 |a Juedische Universal-Bibliothek ;  |v Nr. 48-49 
830 0 |a Jüdische Universal-Bibliothek 
910 |a BOA001  |b 1-0059.206,48-49 
964 |a Bohemika - stol. 19. 
990 |a BK 
993 |a Y 
996 6 |b 2619471749  |c 1-0059.206,48-49  |l MZK  |r Sklad / do 1 hodiny  |n 0  |w 000693388  |u 000010  |a 1  |e BOA001  |j MZK50  |s P